[Event "BCF-chT3S 1213 (4NCL)"]
[Site "England"]
[Date "2013.01.12"]
[Round "3.225"]
[White "Dias, Theodore"]
[Black "Payne, Matthew"]
[Result "0-1"]
[WhiteElo "1790"]
[BlackElo "1952"]
[PlyCount "90"]
[EventDate "2012.11.03"]
[EventType "team-swiss"]
[EventRounds "6"]
[EventCountry "ENG"]
[SourceTitle "EXT 2014"]
[Source "ChessBase"]
[SourceDate "2013.11.20"]
[SourceVersion "1"]
[SourceVersionDate "2013.11.20"]
[SourceQuality "1"]
[WhiteTeam "e2e4.org.uk III"]
[BlackTeam "Sussex Smart Survivors II"]
[WhiteTeamCountry "ENG"]
[BlackTeamCountry "ENG"]

1. e4 e6 2. d4 d5 3. Nc3 Nc6 4. Nf3 Nf6 5. Bd3 Nb4 6. Bf4 a6 7. 0-0 Nxd3 8. Qxd3 Bb4 9. Bg5 Bxc3 10. Bxf6 gxf6 11. bxc3 b5 12. a4 bxa4 13. exd5 Qxd5 14. c4 Qh5 15. d5 Rg8 16. dxe6 fxe6 17. Rad1 Bb7 18. Rfe1 e5 19. Re3 Qg4 20. Ne1 Bxg2 21. Rg3 Be4 22. Qd2 Qe6 23. Qb4 Rxg3+ 24. fxg3 Qb6+ 25. Qxb6 cxb6 26. Kf2 Rc8 27. Rb1 Rb8 28. Ke3 Bc6 29. Nd3 b5 30. Nc5 Ra8 31. Nd3 Kd7 32. Nb4 Bb7 33. h4 Rc8 34. cxb5 axb5 35. g4 Rc4 36. g5 fxg5 37. hxg5 a3 38. Nd3 a2 39. Ra1 Rxc2 40. Nxe5+ Ke6 41. Nd3 Bd5 42. Kd4 Rc4+ 43. Ke3 b4 44. Nf4+ Rxf4 45. Kxf4 b3 0-1

[Event "High Wycombe e2e4 op 10"]
[Site "High Wycombe"]
[Date "2011.10.09"]
[Round "4"]
[White "Dias, Theodore"]
[Black "Lee, Richard WY"]
[Result "0-1"]
[WhiteElo "1777"]
[BlackElo "2028"]
[PlyCount "72"]
[EventDate "2011.10.07"]
[EventType "swiss"]
[EventRounds "5"]
[EventCountry "ENG"]
[SourceTitle "CBM 144 Extra"]
[Source "ChessBase"]
[SourceDate "2011.10.28"]
[SourceVersion "1"]
[SourceVersionDate "2011.10.28"]
[SourceQuality "1"]

1. e4 e6 2. d4 d5 3. Nc3 dxe4 4. Nxe4 Bd7 5. Nf3 Bc6 6. Bd3 Nd7 7. c3 Ngf6 8. Bg5 Be7 9. Bxf6 Nxf6 10. Qc2 Nxe4 11. Bxe4 Bxe4 12. Qxe4 c6 13. Ne5 Qd5 14. Qxd5 cxd5 15. f4 f6 16. Nd3 Kf7 17. Kd2 Rac8 18. Rhe1 Bd6 19. Re2 h6 20. Rae1 Rhe8 21. h4 h5 22. Rg1 Rh8 23. Rge1 Rhe8 24. g3 Re7 25. Rf1 Rce8 26. Ne5+ Kg8 27. Ng6 Rc7 28. f5 Kf7 29. Rfe1 Bxg3 30. Rg1 Bd6 31. fxe6+ Rxe6 32. Nh8+ Ke7 33. Rxg7+ Kf8 34. Ng6+ Kxg7 35. Rxe6 Rc6 36. Ne7 Bf4+ 0-1

[Event "Sunningdale e2e4 Challengers-F"]
[Site "Sunningdale"]
[Date "2011.08.13"]
[Round "6"]
[White "Garcia, Jason"]
[Black "Dias, Theodore"]
[Result "1-0"]
[WhiteElo "2026"]
[BlackElo "1791"]
[PlyCount "115"]
[EventDate "2011.08.10"]
[EventType "tourn"]
[EventRounds "9"]
[EventCountry "ENG"]
[SourceTitle "CBM 144 Extra"]
[Source "ChessBase"]
[SourceDate "2011.10.28"]
[SourceVersion "1"]
[SourceVersionDate "2011.10.28"]
[SourceQuality "1"]

1. e4 c5 2. Nf3 Nc6 3. Bb5 Na5 4. c3 a6 5. Ba4 b5 6. Bc2 c4 7. 0-0 Bb7 8. d4 cxd3 9. Qxd3 Nf6 10. Re1 d5 11. e5 Ne4 12. Ng5 Nc4 13. Nxe4 dxe4 14. Qg3 e3 15. f4 h5 16. e6 Rh6 17. exf7+ Kxf7 18. b3 h4 19. Qg4 Qb6 20. Qe2 h3 21. bxc4 hxg2 22. Bxe3 Qf6 23. Qg4 Rh4 24. Qg5 bxc4 25. Qxf6+ exf6 26. Nd2 Be7 27. Be4 Bxe4 28. Nxe4 Rah8 29. Kxg2 Rxh2+ 30. Kf3 R8h3+ 31. Ng3 Rc2 32. Rec1 Rb2 33. Rh1 Rxh1 34. Nxh1 f5 35. Ng3 g6 36. Bd4 Rd2 37. a4 Rd3+ 38. Kg2 Bh4 39. Ne2 Rd2 40. Rh1 Rxe2+ 41. Kf3 Ra2 42. Rxh4 Rxa4 43. Rh7+ Ke6 44. Rg7 Ra1 45. Rxg6+ Kd5 46. Rf6 Rf1+ 47. Ke3 Re1+ 48. Kf2 Re7 49. Rxf5+ Ke4 50. Re5+ Rxe5 51. fxe5 Kd5 52. Ke2 a5 53. Kd2 Kc6 54. Kc2 Kb5 55. Kb2 Kc6 56. Ka3 Kb5 57. e6 Kc6 58. e7 1-0

[Event "Sunningdale e2e4 Challengers-F"]
[Site "Sunningdale"]
[Date "2011.08.12"]
[Round "4"]
[White "Dias, Theodore"]
[Black "Nettleton, Charlie"]
[Result "0-1"]
[WhiteElo "1791"]
[BlackElo "1842"]
[PlyCount "68"]
[EventDate "2011.08.10"]
[EventType "tourn"]
[EventRounds "9"]
[EventCountry "ENG"]
[SourceTitle "CBM 144 Extra"]
[Source "ChessBase"]
[SourceDate "2011.10.28"]
[SourceVersion "1"]
[SourceVersionDate "2011.10.28"]
[SourceQuality "1"]

1. e4 e6 2. d4 d5 3. Nc3 Bb4 4. e5 c5 5. a3 Bxc3+ 6. bxc3 Nc6 7. Qg4 g6 8. h4 Qa5 9. Bd2 Qa4 10. Ra2 h5 11. Qf4 Bd7 12. Nf3 0-0-0 13. Be2 Nge7 14. 0-0 Nf5 15. Rb1 c4 16. Ng5 Rdf8 17. Rab2 b6 18. Be1 Qxa3 19. g3 Qe7 20. Qc1 f6 21. exf6 Rxf6 22. Bd2 e5 23. Bf3 Be6 24. dxe5 Nxe5 25. Bf4 Nxf3+ 26. Nxf3 Qb7 27. Be5 Nxg3 28. Qe1 Rxf3 29. Bxh8 Ne4 30. Bd4 Qe7 31. Kg2 Qf7 32. Be3 Qf5 33. Kf1 Qg4 34. Bxb6 Rh3 0-1

[Event "Gatwick e2e4 op-A"]
[Site "Gatwick"]
[Date "2011.06.19"]
[Round "4"]
[White "David, Ivan"]
[Black "Dias, Theodore"]
[Result "1-0"]
[WhiteElo "2214"]
[BlackElo "1789"]
[PlyCount "59"]
[EventDate "2011.06.17"]
[EventType "swiss"]
[EventRounds "5"]
[EventCountry "ENG"]
[SourceTitle "CBM 143 Extra"]
[Source "ChessBase"]
[SourceDate "2011.08.29"]
[SourceVersion "1"]
[SourceVersionDate "2011.08.29"]
[SourceQuality "1"]

1. Nf3 c5 2. e4 Nc6 3. Nc3 d6 4. d4 cxd4 5. Nxd4 Nf6 6. Be2 e5 7. Nb3 Be7 8. 0-0 0-0 9. Be3 Be6 10. Kh1 d5 11. exd5 Nxd5 12. Nxd5 Qxd5 13. c3 Rad8 14. Qxd5 Bxd5 15. f4 f5 16. Rad1 Bxb3 17. axb3 e4 18. Bc4+ Kh8 19. b4 a6 20. Bb6 Rxd1 21. Rxd1 Bd8 22. Bc5 Re8 23. Bf7 Rg8 24. Bxg8 Kxg8 25. Rd7 b6 26. Bd6 Bf6 27. Kg1 a5 28. b5 Nd8 29. Be5 Bxe5 30. Rxd8+ 1-0

[Event "Gatwick e2e4 op-A"]
[Site "Gatwick"]
[Date "2011.06.17"]
[Round "1"]
[White "Dias, Theodore"]
[Black "Lock, Gavin R"]
[Result "0-1"]
[WhiteElo "1789"]
[BlackElo "2159"]
[PlyCount "100"]
[EventDate "2011.06.17"]
[EventType "swiss"]
[EventRounds "5"]
[EventCountry "ENG"]
[SourceTitle "CBM 143 Extra"]
[Source "ChessBase"]
[SourceDate "2011.08.29"]
[SourceVersion "1"]
[SourceVersionDate "2011.08.29"]
[SourceQuality "1"]

1. e4 e6 2. d4 d5 3. Nc3 Bb4 4. e5 c5 5. a3 Bxc3+ 6. bxc3 Qa5 7. Bd2 Qa4 8. Nf3 b6 9. Qb1 Ba6 10. Bxa6 Nxa6 11. 0-0 Ne7 12. Qb3 Qxb3 13. cxb3 0-0 14. b4 c4 15. a4 Nc7 16. b5 a6 17. Bg5 Nc8 18. bxa6 Rxa6 19. Rfb1 Re8 20. Rb4 Na7 21. Rab1 Na8 22. Ra1 Nc6 23. Rb2 h6 24. Bc1 Re7 25. Rba2 Rea7 26. Ra3 Kf8 27. Kf1 Ke8 28. Ke2 Na5 29. Nd2 Nc7 30. Rb1 Kd7 31. g3 Kc6 32. Raa1 Nb7 33. Rb4 b5 34. axb5+ Nxb5 35. Rxa6+ Rxa6 36. Nb1 Ra1 37. Kd2 Na5 38. Kc2 Nb3 39. Kb2 Rxb1+ 40. Kxb1 Nxc3+ 41. Kc2 Na2 42. Rb8 Naxc1 43. Rf8 Ne2 44. Rxf7 Nexd4+ 45. Kb2 Ne2 46. Rxg7 d4 47. Rg4 Kd5 48. f4 d3 49. Rg8 Nbd4 50. Ra8 c3+ 0-1

[Event "BCF-chT3 1011 (4NCL)"]
[Site "England"]
[Date "2011.03.27"]
[Round "8.45"]
[White "Dias, Theodore"]
[Black "Larter, Nick J"]
[Result "1-0"]
[WhiteElo "1780"]
[BlackElo "1835"]
[PlyCount "69"]
[EventDate "2010.11.06"]
[EventType "team-swiss"]
[EventRounds "9"]
[EventCountry "ENG"]
[SourceTitle "EXT 2012"]
[Source "ChessBase"]
[SourceDate "2011.11.24"]
[SourceVersion "1"]
[SourceVersionDate "2011.11.24"]
[SourceQuality "1"]
[WhiteTeam "e2e4.org.uk IV"]
[BlackTeam "Celtic Tigers II"]
[WhiteTeamCountry "ENG"]
[BlackTeamCountry "ENG"]

1. e4 e6 2. d4 d5 3. Nc3 Nf6 4. Bg5 Bb4 5. e5 h6 6. Be3 Bxc3+ 7. bxc3 Ne4 8. Qg4 Kf8 9. Ne2 c5 10. f3 cxd4 11. Bxd4 Qg5 12. Qxg5 Nxg5 13. Bc5+ Ke8 14. h4 Nh7 15. Nd4 a6 16. c4 dxc4 17. Bxc4 Nd7 18. Bd6 Nhf8 19. h5 g6 20. Bd3 gxh5 21. Rxh5 Nb6 22. c4 Ng6 23. g3 Na4 24. Rb1 b5 25. cxb5 Nc3 26. Rb3 Nxb5 27. Nxb5 axb5 28. Bxb5+ Bd7 29. Bxd7+ Kxd7 30. Rb7+ Kc6 31. Rc7+ Kb6 32. Rh2 Rhc8 33. Rb2+ Ka6 34. Rcb7 Rc6 35. R7b3 1-0

[Event "Uxbridge YM"]
[Site "London"]
[Date "2010.10.28"]
[Round "9"]
[White "Dias, Theodore"]
[Black "Ociepka, Dominika"]
[Result "1-0"]
[WhiteElo "1793"]
[BlackElo "1432"]
[PlyCount "103"]
[EventDate "2010.10.24"]
[EventType "swiss"]
[EventRounds "9"]
[EventCountry "ENG"]
[SourceTitle "EXT 2011"]
[Source "ChessBase"]
[SourceDate "2010.11.26"]
[SourceVersion "1"]
[SourceVersionDate "2010.11.26"]
[SourceQuality "1"]

1. e4 c5 2. Nf3 e6 3. d4 cxd4 4. Nxd4 Nf6 5. Nc3 Nc6 6. Ndb5 Bb4 7. a3 Bxc3+ 8. Nxc3 d5 9. exd5 exd5 10. Bg5 0-0 11. Be2 Re8 12. 0-0 Be6 13. Bf3 h6 14. Bh4 Rc8 15. Re1 g5 16. Bg3 a6 17. h4 g4 18. Be2 d4 19. Na4 Bf5 20. c3 dxc3 21. Nxc3 h5 22. Bf4 Qxd1 23. Raxd1 Rcd8 24. Bc4 Rxd1 25. Rxd1 b5 26. Ba2 Be6 27. Bxe6 Rxe6 28. Kf1 Kg7 29. Nd5 Ne8 30. Bd2 Rd6 31. Bc3+ f6 32. Ke2 Nd8 33. Nxf6 Rxd1 34. Nxe8+ Kf7 35. Kxd1 Kxe8 36. f3 gxf3 37. gxf3 Kf7 38. Ke2 Ke6 39. Ke3 Kf5 40. Bb4 Nb7 41. Be7 Na5 42. Kd3 Nc4 43. b3 Ne5+ 44. Ke3 Nc6 45. Bb4 Nxb4 46. axb4 Ke5 47. f4+ Kf5 48. Kf3 Kf6 49. Ke4 Ke6 50. f5+ Kf6 51. Kf4 Kg7 52. Kg5 1-0

[Event "Uxbridge YM"]
[Site "London"]
[Date "2010.10.25"]
[Round "2"]
[White "Dias, Theodore"]
[Black "Foord, Dominic"]
[Result "0-1"]
[WhiteElo "1793"]
[BlackElo "2071"]
[PlyCount "58"]
[EventDate "2010.10.24"]
[EventType "swiss"]
[EventRounds "9"]
[EventCountry "ENG"]
[SourceTitle "EXT 2011"]
[Source "ChessBase"]
[SourceDate "2010.11.26"]
[SourceVersion "1"]
[SourceVersionDate "2010.11.26"]
[SourceQuality "1"]

1. e4 e5 2. Nf3 Nc6 3. d4 exd4 4. Nxd4 Nf6 5. Nxc6 bxc6 6. e5 Qe7 7. Qe2 Nd5 8. c4 Ba6 9. b3 g6 10. Bb2 Bg7 11. Qe4 f5 12. Qd4 Nb4 13. Qc3 c5 14. f4 Bb7 15. Nd2 0-0-0 16. a3 Nc6 17. 0-0-0 Nd4 18. Qa5 Kb8 19. Bxd4 cxd4 20. c5 Bh6 21. Qb4 Ka8 22. Qxd4 d6 23. Rg1 dxe5 24. Qxe5 Qxe5 25. fxe5 Rxd2 26. Rxd2 Rd8 27. Bd3 Rxd3 28. Rgd1 Be4 29. b4 Rb3 0-1

[Event "Uxbridge YM"]
[Site "London"]
[Date "2010.10.25"]
[Round "3"]
[White "Nettleton, Charlie"]
[Black "Dias, Theodore"]
[Result "1-0"]
[WhiteElo "1824"]
[BlackElo "1793"]
[PlyCount "107"]
[EventDate "2010.10.24"]
[EventType "swiss"]
[EventRounds "9"]
[EventCountry "ENG"]
[SourceTitle "EXT 2011"]
[Source "ChessBase"]
[SourceDate "2010.11.26"]
[SourceVersion "1"]
[SourceVersionDate "2010.11.26"]
[SourceQuality "1"]

1. d4 Nf6 2. e3 c5 3. f4 g6 4. Nf3 Bg7 5. Bd3 0-0 6. 0-0 d6 7. c3 Nbd7 8. Bd2 Re8 9. f5 e5 10. fxe6 Rxe6 11. Qc2 Qe8 12. Re1 Ne4 13. Bc4 Re7 14. Na3 a6 15. b4 Bh6 16. Bc1 Nef6 17. Qe2 d5 18. Bb3 c4 19. Bd1 Ng4 20. Nc2 f5 21. h3 Ngf6 22. Nd2 Nf8 23. Nf1 Ne6 24. e4 Bxc1 25. Rxc1 Nxe4 26. Nce3 Nf4 27. Qf3 Nd3 28. Bc2 Nxe1 29. Rxe1 Be6 30. Bxe4 fxe4 31. Qf6 Qf7 32. Qh4 a5 33. b5 a4 34. Nh2 Ra5 35. Rf1 Qg7 36. Nhg4 Bxg4 37. Qxg4 Rf7 38. Qe6 Qf8 39. Ng4 Kg7 40. Qe5+ Kg8 41. Qxd5 Rxb5 42. Qxf7+ Qxf7 43. Nh6+ Kg7 44. Nxf7 Rb2 45. Nd6 Rxa2 46. Nxe4 Re2 47. Nc5 a3 48. Ra1 a2 49. Kh2 Kf6 50. Nxb7 Ke6 51. Nc5+ Kd5 52. Na6 Ke4 53. Nb4 Ke3 54. Rxa2 1-0

[Event "FRA-ch U12"]
[Site "Troyes"]
[Date "2010.04.15"]
[Round "6"]
[White "Dias, Theodore"]
[Black "Froment, Theophile"]
[Result "0-1"]
[WhiteElo "1765"]
[BlackElo "1834"]
[PlyCount "90"]
[EventDate "2010.04.11"]
[EventType "swiss"]
[EventRounds "9"]
[EventCountry "FRA"]
[SourceTitle "EXT 2012"]
[Source "ChessBase"]
[SourceDate "2011.11.24"]
[SourceVersion "1"]
[SourceVersionDate "2011.11.24"]
[SourceQuality "1"]

1. e4 e6 2. d4 d5 3. Nc3 Bb4 4. e5 c5 5. Qg4 cxd4 6. a3 Qa5 7. Nge2 Kf8 8. Rb1 Bxc3+ 9. bxc3 Nc6 10. f4 Nge7 11. Kf2 Nf5 12. Qf3 h5 13. h3 h4 14. Bb2 Qa4 15. Qd3 dxc3 16. Qxc3 Ng3 17. Qc5+ Ke8 18. Nxg3 Qxf4+ 19. Kg1 hxg3 20. Bb5 Bd7 21. Rf1 Qd2 22. Rf3 b6 23. Qd6 Qe1+ 24. Bf1 Rc8 25. Bc3 Qc1 26. Rxg3 Qxc2 27. Bb5 Qb1+ 28. Bf1 d4 29. Rd3 Rh4 30. Kh2 Re4 31. Be2 Qc2 32. Bf1 Re3 33. Rxe3 dxe3 34. Ba6 Qxc3 35. Bxc8 Bxc8 36. Qc7 Bd7 37. Rd1 Qxe5+ 38. Qxe5 Nxe5 39. Re1 Nc4 40. Kg3 Ke7 41. Kf4 Bc6 42. g4 f6 43. g5 g6 44. h4 e5+ 45. Kg4 f5+ 0-1

[Event "FRA-ch U12"]
[Site "Troyes"]
[Date "2010.04.13"]
[Round "4"]
[White "Dias, Theodore"]
[Black "Bouvet, Florian"]
[Result "1/2-1/2"]
[WhiteElo "1765"]
[BlackElo "1665"]
[PlyCount "62"]
[EventDate "2010.04.11"]
[EventType "swiss"]
[EventRounds "9"]
[EventCountry "FRA"]
[SourceTitle "EXT 2012"]
[Source "ChessBase"]
[SourceDate "2011.11.24"]
[SourceVersion "1"]
[SourceVersionDate "2011.11.24"]
[SourceQuality "1"]

1. e4 c5 2. Nf3 d6 3. d4 cxd4 4. Nxd4 Nf6 5. Nc3 a6 6. f3 e5 7. Nb3 Be6 8. Be3 Be7 9. Qd2 Nc6 10. 0-0-0 Na5 11. Nxa5 Qxa5 12. Kb1 Qc7 13. f4 Ng4 14. fxe5 dxe5 15. Nd5 Bxd5 16. exd5 Rc8 17. Bd3 Nxe3 18. Qxe3 0-0 19. Rhe1 Bd6 20. g4 g6 21. h4 Rfe8 22. h5 Kg7 23. hxg6 hxg6 24. Rh1 Rh8 25. g5 Qe7 26. Rdf1 Qc7 27. Qf3 Qe7 28. Rf2 Rc7 29. Rhf1 Bc5 30. Re2 Bd6 31. Qg4 Rh5 1/2-1/2

[Event "Uxbridge op Major"]
[Site "Uxbridge"]
[Date "2010.03.20"]
[Round "3"]
[White "Fisher, Robert"]
[Black "Dias, Theodore"]
[Result "1-0"]
[WhiteElo "1818"]
[BlackElo "1765"]
[PlyCount "59"]
[EventDate "2010.03.19"]
[EventType "swiss"]
[EventRounds "5"]
[EventCountry "ENG"]
[SourceTitle "EXT 2012"]
[Source "ChessBase"]
[SourceDate "2011.11.24"]
[SourceVersion "1"]
[SourceVersionDate "2011.11.24"]
[SourceQuality "1"]

1. d4 Nf6 2. c4 c5 3. d5 b5 4. cxb5 a6 5. f3 d6 6. e4 axb5 7. Bxb5+ Bd7 8. Bc4 g6 9. Bd2 Qb6 10. Bc3 Bg7 11. Nd2 0-0 12. Ne2 Bb5 13. Qb3 Nbd7 14. Qxb5 Qc7 15. Qb3 Rfb8 16. Qc2 Nb6 17. b3 Nfd7 18. Bxg7 Kxg7 19. 0-0 Ne5 20. Qc3 Kg8 21. f4 Nexc4 22. Nxc4 Nxc4 23. Qxc4 Rb4 24. Qc2 c4 25. bxc4 Rxc4 26. Qd3 Raa4 27. Rac1 Rxc1 28. Rxc1 Qa5 29. Rc8+ Kg7 30. Qc3+ 1-0

[Event "FRA-chT U20 0809"]
[Site "Sautron"]
[Date "2009.01.03"]
[Round "5.5"]
[White "Bellahcene, Bilel"]
[Black "Dias, Theodore"]
[Result "1-0"]
[WhiteElo "1878"]
[BlackElo "1760"]
[PlyCount "67"]
[EventDate "2008.10.??"]
[EventType "team-tourn"]
[EventRounds "11"]
[EventCountry "FRA"]
[SourceTitle "EXT 2010"]
[Source "ChessBase"]
[SourceDate "2010.11.25"]
[SourceVersion "1"]
[SourceVersionDate "2010.11.25"]
[SourceQuality "1"]

1. e4 c5 2. Nf3 Nc6 3. Nc3 g6 4. d4 cxd4 5. Nxd4 Bg7 6. Be3 d6 7. Bc4 Nf6 8. f3 0-0 9. Bb3 a6 10. Qd2 Qc7 11. 0-0-0 Bd7 12. h4 h5 13. Kb1 b5 14. Nxc6 Bxc6 15. Bh6 b4 16. Bxg7 Kxg7 17. Nd5 Bxd5 18. Bxd5 Rab8 19. g4 Rfc8 20. gxh5 Nxh5 21. f4 e6 22. Bb3 Rb6 23. f5 exf5 24. Qd4+ Kh7 25. exf5 a5 26. Rhg1 Ra6 27. fxg6+ fxg6 28. Qd3 Nf4 29. Qxa6 Qc5 30. Qb7+ Kh6 31. Qe4 Qe5 32. Qxe5 dxe5 33. Rde1 Re8 34. Rg5 1-0

[Event "Gorges op 17th"]
[Site "Gorges"]
[Date "2007.??.??"]
[Round "2"]
[White "Daniel, Jean Claude"]
[Black "Dias, Theodore"]
[Result "1-0"]
[WhiteElo "1964"]
[BlackElo "1690"]
[PlyCount "43"]
[EventDate "2007.07.08"]
[EventType "swiss"]
[EventRounds "7"]
[EventCountry "FRA"]
[SourceTitle "CBM 119 Extra"]
[Source "ChessBase"]
[SourceDate "2007.09.04"]
[SourceVersion "1"]
[SourceVersionDate "2007.09.04"]
[SourceQuality "1"]

1. d4 Nf6 2. Nf3 c5 3. d5 d6 4. c4 b5 5. cxb5 a6 6. bxa6 Bxa6 7. Nc3 g6 8. g3 Bg7 9. Bg2 0-0 10. 0-0 Nbd7 11. Re1 Qb6 12. Rb1 Bc4 13. b3 Ba6 14. Bb2 c4 15. Na4 Qa5 16. Nd4 Rfc8 17. Nc6 Rxc6 18. dxc6 Nc5 19. Nxc5 Qxc5 20. b4 Qb6 21. Bd4 Qc7 22. b5 1-0

[Event "FRA-ch U10"]
[Site "Aix les Bains"]
[Date "2006.??.??"]
[Round "3"]
[White "Dias, Theodore"]
[Black "Froment, Theophile"]
[Result "0-1"]
[WhiteElo "1280"]
[BlackElo "1430"]
[PlyCount "113"]
[EventDate "2006.04.16"]
[EventType "swiss"]
[EventRounds "9"]
[EventCountry "FRA"]
[SourceTitle "EXT 2007"]
[Source "ChessBase"]
[SourceDate "2006.11.23"]
[SourceVersion "1"]
[SourceVersionDate "2006.11.23"]
[SourceQuality "1"]

1. e4 e6 2. d4 d5 3. e5 c5 4. c3 Qb6 5. Nf3 Nc6 6. Be3 Qxb2 7. Nbd2 Qxc3 8. Rc1 Qa5 9. Qc2 Bd7 10. Bd3 f6 11. 0-0 c4 12. Bxh7 Nb4 13. Qg6+ Ke7 14. Bxg8 Be8 15. Qb1 Rxg8 16. exf6+ gxf6 17. Nh4 Qb6 18. Qh7+ Rg7 19. Qb1 Nd3 20. Qxb6 axb6 21. Rb1 b5 22. Rxb5 Bxb5 23. Rb1 Bc6 24. g3 Rxa2 25. Ndf3 Rb2 26. Ra1 Ke8 27. Ng2 b5 28. Nf4 Nxf4 29. Bxf4 Rb3 30. Nd2 Ra3 31. Re1 Kd7 32. Bh6 Rg8 33. Bf4 Bb4 34. Rb1 Bxd2 35. Bxd2 Rga8 36. Kg2 Ra1 37. Rxa1 Rxa1 38. Bc3 Rc1 39. Bd2 Rc2 40. Bf4 c3 41. h4 Rb2 42. Be3 c2 43. h5 Ke7 44. h6 Kf7 45. Bc1 Rb1 46. h7 Kg7 47. Be3 Kxh7 48. f4 c1Q 49. Bxc1 Rxc1 50. f5 exf5 51. g4 fxg4 52. Kf2 g3+ 53. Kxg3 b4 54. Kf2 b3 55. Ke2 b2 56. Kf3 b1Q 57. Kg4 0-1